000 00293nam a22001337a 4500
008 170526b xxu||||| |||| 00| 0 eng d
020 _a3411150319
041 _ager
080 _a007.52
100 _a25
101 _aIM
245 _aAUTONOME MOBILE ROBOTER
_cBOHLING,K.H
942 _2udc
_cBK
999 _c14531
_d14531